Consequences of parameterization choice on eclipsing binary light curve solutions

Eclipsing Binaries (EBs) are known to be the source of most accurate stellar parameters, which are important for testing theories of stellar evolution. With improved quality and quantity of observations using space telescopes like TESS, there is an urgent need for accuracy in modeling to obtain prec...

Teljes leírás

Elmentve itt :
Bibliográfiai részletek
Szerzők: Korth J.
Moharana A.
Pesta M.
Czavalinga Donát Róbert
Conroy K. E.
Dokumentumtípus: Cikk
Megjelent: 2021
Sorozat:CONTRIBUTIONS OF THE ASTRONOMICAL OBSERVATORY SKALNATE PLESO 51 No. 1
Tárgyszavak:
doi:10.31577/caosp.2021.51.1.58

mtmt:33657471
Online Access:http://publicatio.bibl.u-szeged.hu/39087
LEADER 01380nab a2200265 i 4500
001 publ39087
005 20260211114058.0
008 260211s2021 hu o 000 eng d
022 |a 1335-1842 
024 7 |a 10.31577/caosp.2021.51.1.58  |2 doi 
024 7 |a 33657471  |2 mtmt 
040 |a SZTE Publicatio Repozitórium  |b hun 
041 |a eng 
100 1 |a Korth J. 
245 1 0 |a Consequences of parameterization choice on eclipsing binary light curve solutions  |h [elektronikus dokumentum] /  |c  Korth J. 
260 |c 2021 
300 |a 58-67 
490 0 |a CONTRIBUTIONS OF THE ASTRONOMICAL OBSERVATORY SKALNATE PLESO  |v 51 No. 1 
520 3 |a Eclipsing Binaries (EBs) are known to be the source of most accurate stellar parameters, which are important for testing theories of stellar evolution. With improved quality and quantity of observations using space telescopes like TESS, there is an urgent need for accuracy in modeling to obtain precise parameters. We use the soon to be released PHOEBE 2.3 EB modeling package to test the robustness and accuracy of parameters and their dependency on choice of parameters for optimization. 
650 4 |a Fizikai tudományok 
700 0 1 |a Moharana A.  |e aut 
700 0 1 |a Pesta M.  |e aut 
700 0 1 |a Czavalinga Donát Róbert  |e aut 
700 0 1 |a Conroy K. E.  |e aut 
856 4 0 |u http://publicatio.bibl.u-szeged.hu/39087/1/pp58-67.pdf  |z Dokumentum-elérés